Filme Bilder KI Teil 3 - Statistiken

Allgemein
  • Dieses Quiz wurde 3.280 mal gespielt
  • Das Durchschnittsergebnis liegt bei 10 aus 16
Antwortstatistiken
Bildquiz Antwort % Korrekt
Oben
94%
Planet der Affen
94%
Jurassic Park
91%
Shrek
91%
Der weiße Hai
88%
Ant-Man
80%
Edward mit den Scherenhänden
76%
Arielle die Meerjungfrau
67%
Oppenheimer
60%
Life of Pi: Schiffbruch mit Tiger
56%
Die unendliche Geschichte
51%
Inception
51%
Und täglich grüßt das Murmeltier
43%
Blond
15%
Parasite
14%
Full Metal Jacket
5%
Keine übereinstimmenden Quizze gefunden
Verteilung der Resultate
Anzahl Personen mit jedem Resultat
Perzentil nach korrekt beantworteten Fragen
Ihre Resultats-Entwicklung
Sie haben dieses Quiz noch nicht gespielt